| 000 | 005890000a22002050004500 | ||
|---|---|---|---|
| 005 | 20120302052315.0 | ||
| 942 | _cBOOK | ||
| 100 | _a Sankalia, H.D. | ||
| 100 | _a Subbarao, B. | ||
| 100 | _a Deo, S.B. | ||
| 245 | _a Excavations at maheshwar & navdatoli 1952-53 | ||
| 260 |
_aBaroda: _bMaharaja Sayajirao University, _c1958 |
||
| 300 | _axxvi,257p | ||
| 490 | _aDeccan College Research Institute & M.S. University Publication; 1 | ||
| 040 | _aENG | ||
| 365 | _bRs.35.00 | ||
| 650 | _aExcavation-Maheshwar-Navdatoli | ||
| 650 | _aAims-Excavation | ||
| 650 | _aAntiquity-Maheshwar | ||
| 999 |
_c339750 _d339747 |
||